Popradská Aréna žila trhmi

Bibliographic Details
Format: Article
Language:Slovak
PhysicalDescription:Fotogr.
Subjects:

MARC

LEADER 00000nab a2200000 ar4500
001 vtls009306887
003 SK-MaSNL
005 20260305042417.0
008 080626c2008 xo cr|p|||||||000 b|slo
038 |a PPPK 
040 |a PPPKCL  |b slo  |c PPPK  |e AACR2 
041 0 |a slo 
044 |a xo  |c SK 
080 |a 69:061.4  |2 2001 
080 |a 365:061.4  |2 2001 
080 |a 347.731.3  |2 2001 
245 0 0 |a Popradská Aréna žila trhmi  |c [autor] (lej) 
300 |b Fotogr. 
610 2 7 |a Aréna Poprad (Poprad, Slovensko)  |2 pppkcl  |9 1033822 
611 2 7 |a Podtatranské výstavné trhy Tatra Expo  |n (8. :  |d 2007 :  |c Poprad, Slovensko)  |2 pppkcl  |9 1623662 
650 0 7 |a stavebníctvo  |2 pppkcl  |9 726 
650 0 7 |a bývanie  |2 pppkcl  |9 1991 
650 0 7 |a výstavníctvo  |2 pppkcl  |9 31153 
651 7 |a Poprad (Slovensko)  |2 pppkcl  |9 20155 
773 0 |t Poprad : noviny občanov mesta  |g Roč. XIX, č. 35 (2008), s. 1-2 
852 |a PPPK  |b KIS3GCP 
999 |c 3348972  |d 3350902